Teaching Guide for Level - E (Record no. 2441)

MARC details
000 -LEADER
fixed length control field 00413nam a22001457a 4500
003 - CONTROL NUMBER IDENTIFIER
control field OSt
005 - DATE AND TIME OF LATEST TRANSACTION
control field 20160727222549.0
008 - FIXED-LENGTH DATA ELEMENTS--GENERAL INFORMATION
fixed length control field 160714b xxu||||| |||| 00| 0 eng d
040 ## - CATALOGING SOURCE
Transcribing agency Teaching Guide for Level - E
100 ## - MAIN ENTRY--PERSONAL NAME
9 (RLIN) 2868
Personal name Donald, R., et al
245 ## - TITLE STATEMENT
Title Teaching Guide for Level - E
260 ## - PUBLICATION, DISTRIBUTION, ETC. (IMPRINT)
Place of publication, distribution, etc. Chicago
Name of publisher, distributor, etc. Science Research Association
Date of publication, distribution, etc. 1970
300 ## - PHYSICAL DESCRIPTION
Extent Teaching Guide for Level - E
942 ## - ADDED ENTRY ELEMENTS (KOHA)
Source of classification or shelving scheme Library of Congress Classification
Koha item type BOOK
Holdings
Withdrawn status Lost status Source of classification or shelving scheme Damaged status Not for loan Home library Current library Shelving location Date acquired Total Checkouts Full call number Barcode Date last seen Price effective from Koha item type
    Library of Congress Classification     Good Samaritan School Library Good Samaritan School Library   07/14/2016   370 DON4022 07/14/2016 07/14/2016 BOOK

Powered by Koha